000 00395nab a2200145Ia 4500
003 ES-SlBCS
005 20210601150852.0
008 140529s1956 xxu||||| |||| 00| 0 spa d
041 _aspa
100 1 _aAguilar, R.
_9326921
245 0 0 _aLas pruebas interiores
_c R. Aguilar
650 0 4 _aPruebas
_9128113
773 0 _tVida Sobrenatural, la
_gvol. 57, 1956, págs. 96-104
_wRev495
942 _cAR
999 _c748086
_d748086